Η συμφωνία του Σένγκεν

Αποθηκεύτηκε σε:
Λεπτομέρειες βιβλιογραφικής εγγραφής
Μορφή: Βιβλίο
Γλώσσα:Greek
Δημοσίευση: Αθήνα : Το Ποντίκι, c1995
Ετικέτες: Προσθήκη ετικέτας
Δεν υπάρχουν, Καταχωρήστε ετικέτα πρώτοι!

MARC

LEADER 00000nam a2200000 i 4500
001 1/104333
008 000309s1995 gre d
020 |a 960-8402-40-9 
035 |l 10058800 
040 |a GR-MY-UA  |b gre  |e aacr 
041 0 |a gre 
082 0 |a ISSE 
245 1 2 |a Η συμφωνία του Σένγκεν 
260 |a Αθήνα :   |b Το Ποντίκι,   |c c1995 
300 |a 198 σ. 
852 |a INST  |b LESVOS  |e 20000309  |h ISSE  |p 005100023660  |q 005100023660  |t BK  |y 4  |x 20000329 
901 |a BIBL1-2000-1 
909 |a Λ  |b 075513 
920 |a ΕΡΓΑΣΤΗΡΙΟ ΠΟΛΙΤΙΣΜΙΚΗΣ ΕΠΙΚΟΙΝΩΝΙΑΣ ΚΑΙ ΤΕΚΜΗΡΙΩΣΗΣ  |y ΛΕΣΒΟΣ  |z 2000-02 
970 |a ΤΖΑΦΕΡΗ  |b ΕΥΑΓΓΕΛΙΑ  |z 2000/03/09